000 00647nam a2200265Ia 4500
008 190123s9999 xx 000 0 und d
020 _a9780439839907
050 _bW187 2005
100 _aWallace, Carol
245 0 _aOne nosy pup /
245 0 _cby Carol Wallace ; illustrated by Steve Bjorkman.
260 _aNew York, New York :
260 _bScholastic,
260 _c2006
300 _a39 pages :
300 _bcolored illustrations ;
300 _c23cm.
500 _a280L
650 _aBeagle (Dog breed).
650 _aDogs.
650 _aFriendship.
650 _aHamsters.
650 _aPets.
700 _aTitle.
999 _c361051
_d361051